| 000 | 00807nam a2200193 a 4500 | ||
|---|---|---|---|
| 003 | 0 | ||
| 005 | 20250319110931.0 | ||
| 008 | 060802s19uu xx 00 eng d | ||
| 050 |
_aPGS LC 409.S66.A33 _b.T944 2006 |
||
| 100 | _aTurner, Annaliese Marie C. | ||
| 245 |
_aThe effects of sponsorship program on the academic and co-curricular performance of grade five students / _cAnnaliese Marie C. Turner. |
||
| 260 |
_aLas PiƱas City, Philippines : _bSouthville International School and Colleges, _c2006. |
||
| 300 |
_a28 pages : _billustrations ; _c28 cm. |
||
| 504 | _aIncludes bibliographical references. | ||
| 650 |
_aStudent aid _vEducational impact. |
||
| 650 |
_aScholarships _vEffects on student performance. |
||
| 650 |
_aEducation _vUnderprivileged students _vSupport programs. |
||
| 942 |
_2lcc _cPASS |
||
| 999 |
_c97559 _d97559 |
||